The encyclopedia of Judaism /

محفوظ في:

المؤلف الرئيسي: Neusner, Jacob, 1932-2016 (مؤلف)

مؤلفون آخرون: Avery-Peck, Alan J. 1953-, Green, William Scott.

التنسيق: كتاب

اللغة: English

الموضوعات:

الوسوم: إضافة وسم

لا توجد وسوم, كن أول من يضع وسما على هذه التسجيلة!

رقم الطلب: ( REF )BM50 .E63 1999

LEADER 01047namaa2200265 4500
001 17097
003 OSt
005 20210807105934.0
008 130303m19999999nyuab g be 001 0 eng d
952 |0 0  |1 0  |2 lcc  |4 0  |7 1  |9 17490  |a ARCE  |b ARCE  |d 2021-08-07  |l 0  |o ( REF )BM50 .E63 1999  |p 1033419  |r 2021-08-07 00:00:00  |w 2021-08-07  |y BK 
999 |c 14355  |d 14355 
010 |a 2002014145 
040 |c ARCE Library 
050 0 4 |a ( REF )BM50 .E63 1999 
100 1 |a Neusner, Jacob,  |d 1932-2016,  |e author  |9 36865 
245 1 4 |a The encyclopedia of Judaism /  |c edited by Jacob Neusner, Alan J. Avery-Peck, William Scott Green. 
264 1 |a New York :  |b Continuum,  |c 1999- 
300 |a 3 volumes (xxxvi, 1592 pages) :  |b illustrations, maps ;  |c 26 cm. 
500 |a "Published in collaboration with the Museum of Jewish Heritage, New York." 
504 |a Includes bibliographical references and indexes. 
650 0 |a Judaism  |v Encyclopedias. 
700 1 |a Avery-Peck, Alan J.  |q (Alan Jeffery),  |d 1953-  |9 25859 
700 1 |a Green, William Scott. 
901 |a reviewed 
942 |c BK  |2 lcc